Vista normal
Vista MARC
Entrada Materia (personas)
Número de registros utilizados en: 2
001 - CONTROL NUMBER
- control field: 122874
003 - CONTROL NUMBER IDENTIFIER
- control field: Co-BoUCM
005 - DATE AND TIME OF LATEST TRANSACTION
- control field: 20211020093558.0
008 - FIXED-LENGTH DATA ELEMENTS
- fixed length control field: 211020|| aca||aabn | a|a d
040 ## - CATALOGING SOURCE
- Original cataloging agency: Co-BoUCM
- Transcribing agency: Co-BoUCM
100 ## - HEADING--PERSONAL NAME
- Personal name: Criado del Rio, María Teresa
670 ## - SOURCE DATA FOUND
- Source citation: Work cat.: (Co-BoUCM)29477: Criado del Rio, María Teresa, Valoración médico-legal del daño a la persona Civil, penal, laboral y administrativo. Responsabilidad profesional del perito médico, 1999